000 00291nam a22001337a 4500
008 171127b xxu||||| |||| 00| 0 eng d
020 _a9789951437431
041 _aalb
080 _a32
100 _a20
101 _aSHP
245 _aNDËRTIMI LIBERAL I PAQES
_cILAZI,R
942 _2udc
_cBK
999 _c38589
_d38589